00415 2200169 4500001002100000005001500021035002000036008004100056245002000097100001600117260003000133300001200163084001600175082001000191650002000201990002400221INLIS00000000000007520231012040654 a0010-0823000075231012 0 ind 1 aUraian 50 Hadis aOemar Bakry aJakarta :bMutiara,c1981 a95 hlm. a2x2.3 BAK u a2x2.3 4aKumpulan Hadist a0870/STITINKA/01/23